[Event "6.Torneo de Promoción Almansa 2011"]
[Site "Almansa ESP"]
[Date "2011.08.12"]
[Round "7.5"]
[White "Jimenez De La Torre, Jose A"]
[Black "Carrascoso Morales, Abel"]
[Result "0-1"]
[WhiteElo "2138"]
[BlackElo "2263"]
[PlyCount "60"]
[EventDate "2011.08.09"]
[EventType "swiss"]
[EventRounds "9"]
[EventCountry "ESP"]
[Source "lmi"]
[SourceDate "2011.08.09"]

1. e4 c5 2. Nf3 d6 3. d4 cxd4 4. Nxd4 Nf6 5. Nc3 g6 6. Be3 Bg7 7. Be2 O-O 8.
O-O Nc6 9. Nb3 Be6 10. f4 Qc8 11. h3 Rd8 12. g4 d5 13. e5 Ne4 14. Nxe4 dxe4 15.
Qc1 g5 16. f5 Bxb3 17. f6 Be6 18. fxg7 Qc7 19. Bxg5 Qxe5 20. Qf4 Qxg7 21. c3
Rd5 22. Bh6 Qg6 23. Qe3 Rad8 24. Bf4 Rd3 25. Bxd3 Rxd3 26. Qf2 Rxh3 27. g5 Qh5
28. Qg2 Bg4 29. Qxe4 Bf3 30. Qf5 e6 0-1

[Event "6.Torneo de Promoción Almansa 2011"]
[Site "Almansa ESP"]
[Date "2011.08.12"]
[Round "7.6"]
[White "Moreno Ibanez, Miguel"]
[Black "Alcazar Jimenez, Jesus"]
[Result "0-1"]
[WhiteElo "2022"]
[BlackElo "2257"]
[PlyCount "116"]
[EventDate "2011.08.09"]
[EventType "swiss"]
[EventRounds "9"]
[EventCountry "ESP"]
[Source "lmi"]
[SourceDate "2011.08.09"]

1. e4 c5 2. Nf3 e6 3. b3 Nc6 4. Bb2 d6 5. Bb5 Bd7 6. O-O a6 7. Bxc6 Bxc6 8. Re1
Nf6 9. Nc3 b5 10. d3 Be7 11. Ne2 Qb6 12. Ng3 O-O-O 13. Qe2 h5 14. Nf1 h4 15. h3
Nh5 16. Qe3 Qb7 17. N1d2 e5 18. c3 Nf4 19. d4 f6 20. b4 g5 21. Nb3 g4 22. hxg4
h3 23. g3 Ng2 24. Qe2 Nxe1 25. Rxe1 Bd7 26. Nh2 d5 27. Na5 Qa8 28. dxc5 dxe4
29. Bc1 Bc6 30. Be3 Rd3 31. g5 f5 32. f4 Bd8 33. Nb3 Bc7 34. fxe5 Bxe5 35. Qf2
Rf8 36. Nd4 Bd7 37. Ng4 h2+ 38. Nxh2 Qb8 39. Bf4 Rxg3+ 40. Qxg3 Bxf4 41. Qg2
Rh8 42. Nf1 Rh5 43. c6 Rxg5 44. cxd7+ Kxd7 45. Nxf5 Rxg2+ 46. Kxg2 Qg8+ 47.
N1g3 Bxg3 48. Nxg3 Qxa2+ 49. Re2 Qc4 50. Rxe4 Qxc3 51. Kh3 Kc6 52. Kg4 Kd5 53.
Rf4 a5 54. Rf5+ Kc4 55. Rc5+ Kxb4 56. Rxc3 Kxc3 57. Kf5 a4 58. Ne4+ Kb2 0-1

[Event "6.Torneo de Promoción Almansa 2011"]
[Site "Almansa ESP"]
[Date "2011.08.12"]
[Round "7.7"]
[White "Martinez Piqueras, Carlos"]
[Black "Navarro Ortiz De Ortuno, Borja"]
[Result "0-1"]
[WhiteElo "2158"]
[BlackElo "2216"]
[PlyCount "114"]
[EventDate "2011.08.09"]
[EventType "swiss"]
[EventRounds "9"]
[EventCountry "ESP"]
[Source "lmi"]
[SourceDate "2011.08.09"]

1. e4 e6 2. d4 d5 3. Nd2 dxe4 4. Nxe4 Be7 5. Nf3 Nf6 6. Bd3 Bd7 7. O-O Nxe4 8.
Bxe4 Bc6 9. Bd3 Nd7 10. c3 O-O 11. Bc2 Bf6 12. Qd3 g6 13. Bh6 Re8 14. Rad1 Rb8
15. Rfe1 Bxf3 16. Qxf3 Bg5 17. Bxg5 Qxg5 18. g3 c6 19. Bb3 Qf6 20. Qe2 h5 21.
Rd3 Qg7 22. Re3 Nf6 23. h3 Red8 24. Qf3 Nd5 25. Re5 b5 26. a3 Rd6 27. R1e4 Qh6
28. Bxd5 Rxd5 29. Rf4 Rb7 30. b4 Rbd7 31. Kg2 Qg7 32. Qe3 a5 33. bxa5 Ra7 34.
c4 bxc4 35. Qc3 c5 36. Qxc4 Rxe5 37. dxe5 Qxe5 38. Qb5 Qc7 39. Qb6 Qxb6 40.
axb6 Rxa3 41. Rc4 Rb3 42. Rxc5 Rxb6 43. Ra5 Rb3 44. Rc5 Kg7 45. Ra5 Kf6 46. Ra7
e5 47. Kf1 h4 48. Ra6+ Kf5 49. g4+ Kg5 50. Kg2 e4 51. Ra7 f6 52. Ra6 Rb2 53.
Kg1 f5 54. gxf5 gxf5 55. Re6 Kf4 56. Kg2 Re2 57. Kf1 Kf3 0-1

[Event "6.Torneo de Promoción Almansa 2011"]
[Site "Almansa ESP"]
[Date "2011.08.12"]
[Round "7.8"]
[White "Jordan Martinez, Miguel"]
[Black "Barranco Cara, Francisco Javier"]
[Result "1/2-1/2"]
[WhiteElo "2189"]
[BlackElo "2120"]
[PlyCount "69"]
[EventDate "2011.08.09"]
[EventType "swiss"]
[EventRounds "9"]
[EventCountry "ESP"]
[Source "lmi"]
[SourceDate "2011.08.09"]

1. e4 c5 2. Nf3 d6 3. d4 cxd4 4. Qxd4 Nc6 5. Bb5 Bd7 6. Bxc6 Bxc6 7. Nc3 Nf6 8.
Bg5 e6 9. O-O-O Be7 10. Rhe1 O-O 11. Qd2 Qb6 12. Nd4 Rac8 13. f3 a5 14. g4 Qa6
15. h4 b5 16. Nce2 Bd7 17. Be3 g6 18. Ng3 e5 19. Nde2 Be6 20. g5 Nd7 21. Nc3
Nb6 22. Bxb6 Qxb6 23. Nd5 Bxd5 24. exd5 Rc4 25. Qh2 Rfc8 26. Re2 b4 27. Kb1 Rd4
28. Rh1 Qc5 29. Re4 Rxd5 30. h5 Bxg5 31. hxg6 h6 32. gxf7+ Kf8 33. Re2 Qd4 34.
Ree1 Qd2 35. Ne4 1/2-1/2

[Event "6.Torneo de Promoción Almansa 2011"]
[Site "Almansa ESP"]
[Date "2011.08.12"]
[Round "7.9"]
[White "Mingarro Carceller, Sergi"]
[Black "Martin Hernandez, Ruben"]
[Result "0-1"]
[WhiteElo "2069"]
[BlackElo "2128"]
[PlyCount "46"]
[EventDate "2011.08.09"]
[EventType "swiss"]
[EventRounds "9"]
[EventCountry "ESP"]
[Source "lmi"]
[SourceDate "2011.08.09"]

1. e4 c5 2. c3 d5 3. exd5 Qxd5 4. d4 Nc6 5. Nf3 e6 6. Be2 Nf6 7. O-O Be7 8. Na3
O-O 9. Bf4 cxd4 10. cxd4 Bxa3 11. bxa3 b6 12. Qd2 Bb7 13. Rfd1 Rfd8 14. Rac1
Rac8 15. Qb2 h6 16. Be5 Na5 17. Ne1 Nc4 18. Qa1 Ne8 19. Bf3 Qd7 20. Bxb7 Qxb7
21. Nc2 Nxe5 22. dxe5 Rxd1+ 23. Rxd1 Rxc2 0-1

[Event "6.Torneo de Promoción Almansa 2011"]
[Site "Almansa ESP"]
[Date "2011.08.12"]
[Round "7.10"]
[White "Valmana Canto, Jaime"]
[Black "Navarrete Espi, Samuel"]
[Result "1-0"]
[WhiteElo "2338"]
[BlackElo "2169"]
[PlyCount "67"]
[EventDate "2011.08.09"]
[EventType "swiss"]
[EventRounds "9"]
[EventCountry "ESP"]
[Source "lmi"]
[SourceDate "2011.08.09"]

1. e4 e5 2. Bc4 Nc6 3. f4 Bc5 4. Nf3 d6 5. Nc3 Nf6 6. d3 O-O 7. Na4 Bg4 8. Nxc5
dxc5 9. a4 exf4 10. Bxf4 Qe7 11. O-O Nh5 12. Be3 Ne5 13. Ba2 Rad8 14. Qd2 Bxf3
15. gxf3 Rd6 16. Kh1 Qh4 17. Qf2 Qh3 18. Qg2 Qd7 19. Rg1 Rg6 20. Qf2 b6 21. Qh4
Nxf3 22. Qxh5 Nxg1 23. Bxg1 Qc6 24. Qf5 Rf6 25. Qd5 Qxa4 26. e5 Rf5 27. Qg2 Qf4
28. e6 Rg5 29. exf7+ Kh8 30. Qf2 Qa4 31. Qe2 c4 32. Re1 cxd3 33. Qe7 Rxg1+ 34.
Rxg1 1-0

[Event "6.Torneo de Promoción Almansa 2011"]
[Site "Almansa ESP"]
[Date "2011.08.12"]
[Round "7.11"]
[White "Castella Garcia, Fausto"]
[Black "Navarro Lopez-Menchero, Daniel"]
[Result "1-0"]
[WhiteElo "2326"]
[BlackElo "2165"]
[PlyCount "75"]
[EventDate "2011.08.09"]
[EventType "swiss"]
[EventRounds "9"]
[EventCountry "ESP"]
[Source "lmi"]
[SourceDate "2011.08.09"]

1. e4 c5 2. Nf3 d6 3. d4 cxd4 4. Nxd4 Nf6 5. Nc3 a6 6. Bg5 e6 7. f4 Nc6 8. Nxc6
bxc6 9. e5 h6 10. Bh4 g5 11. fxg5 Nd5 12. Ne4 Qb6 13. Bd3 dxe5 14. Bf2 Qa5+ 15.
c3 hxg5 16. O-O Be7 17. c4 Nf4 18. Qf3 Bd7 19. b4 Qa3 20. Rad1 f5 21. Nc5 g4
22. Qe3 Bxc5 23. bxc5 Qc3 24. Rfe1 Ke7 25. Bxf5 Qxe3 26. Bxe3 exf5 27. Bxf4 e4
28. Bg5+ Ke8 29. Rd6 Rg8 30. Bf4 Ke7 31. Red1 Ra7 32. Rh6 Rb7 33. Kf2 Ra7 34.
Rh7+ Kd8 35. Rb1 Ra8 36. Rb7 Be8 37. Bc7+ Kc8 38. Bb6 1-0

[Event "6.Torneo de Promoción Almansa 2011"]
[Site "Almansa ESP"]
[Date "2011.08.12"]
[Round "7.12"]
[White "Alcaraz Ortega, Javier"]
[Black "Del Valle Cirera, Adria"]
[Result "1-0"]
[WhiteElo "2248"]
[BlackElo "2146"]
[PlyCount "37"]
[EventDate "2011.08.09"]
[EventType "swiss"]
[EventRounds "9"]
[EventCountry "ESP"]
[Source "lmi"]
[SourceDate "2011.08.09"]

1. d4 d5 2. Nf3 Nf6 3. c4 e6 4. Nc3 c6 5. e3 Nbd7 6. Qc2 Bd6 7. Be2 O-O 8. O-O
Qe7 9. c5 Bc7 10. e4 dxe4 11. Nxe4 Nxe4 12. Qxe4 f5 13. Qc2 e5 14. Bg5 Qe8 15.
dxe5 Nxe5 16. Rfe1 Qg6 17. Nxe5 Bxe5 18. Bc4+ Kh8 19. Be7 1-0

[Event "6.Torneo de Promoción Almansa 2011"]
[Site "Almansa ESP"]
[Date "2011.08.12"]
[Round "7.13"]
[White "Sabater Sanchez, Asensio"]
[Black "Jordan Martinez, David"]
[Result "1/2-1/2"]
[WhiteElo "2208"]
[BlackElo "2141"]
[PlyCount "163"]
[EventDate "2011.08.09"]
[EventType "swiss"]
[EventRounds "9"]
[EventCountry "ESP"]
[Source "lmi"]
[SourceDate "2011.08.09"]

1. b3 Nf6 2. Bb2 c5 3. e3 Nc6 4. f4 d5 5. Bb5 Bg4 6. Bxc6+ bxc6 7. Nf3 g6 8.
O-O Bg7 9. h3 Bxf3 10. Qxf3 O-O 11. d3 Qb6 12. Nc3 c4 13. Na4 Qb5 14. dxc4 dxc4
15. e4 Rfd8 16. Rad1 cxb3 17. axb3 Qa5 18. Ba3 Qc7 19. Nb2 Rxd1 20. Rxd1 Rd8
21. Nd3 Kf8 22. Bb2 Nd7 23. e5 Nb6 24. c4 Kg8 25. Nc5 Rxd1+ 26. Qxd1 Bf8 27.
Qd4 e6 28. Ne4 Be7 29. Kf1 Kf8 30. Ke2 c5 31. Qe3 Nd7 32. Qc3 Qc6 33. Qe3 Ke8
34. g4 Kd8 35. Kd3 Kc8 36. Kc2 Kb7 37. Qf3 Kb6 38. Qe3 Kb7 39. Bc3 Kb8 40. Be1
Kc8 41. Bf2 a5 42. Qf3 Kc7 43. Bg3 a4 44. bxa4 Qxa4+ 45. Qb3 Qxb3+ 46. Kxb3 Kc6
47. Nd2 Kb6 48. Nf3 Kc6 49. Bh4 Bxh4 50. Nxh4 g5 51. fxg5 Nxe5 52. Kc3 Kd6 53.
Ng2 Nf3 54. h4 Ke5 55. Kd3 Nh2 56. Ke3 Nxg4+ 57. Kf3 Kf5 58. Kg3 e5 59. Ne1 e4
60. Nc2 e3 61. Kf3 Ne5+ 62. Kxe3 Nxc4+ 63. Kf3 Ne5+ 64. Kg3 c4 65. Nd4+ Ke4 66.
Nb5 Kd5 67. h5 Kc5 68. Nc3 Kd4 69. Nb5+ Ke3 70. Nc3 Nc6 71. Kg4 Nd4 72. Nd5+
Ke4 73. Nc3+ Ke5 74. g6 fxg6 75. hxg6 hxg6 76. Kg5 Nc2 77. Kxg6 Ne3 78. Kg5 Kd4
79. Nb5+ Kc5 80. Nc3 Nd5 81. Ne4+ Kd4 82. Nd6 1/2-1/2

[Event "6.Torneo de Promoción Almansa 2011"]
[Site "Almansa ESP"]
[Date "2011.08.12"]
[Round "7.14"]
[White "Gil Quilez, David"]
[Black "Laliena Solanes, Luis"]
[Result "1/2-1/2"]
[WhiteElo "2182"]
[BlackElo "2197"]
[PlyCount "111"]
[EventDate "2011.08.09"]
[EventType "swiss"]
[EventRounds "9"]
[EventCountry "ESP"]
[Source "lmi"]
[SourceDate "2011.08.09"]

1. e4 c5 2. Nf3 Nc6 3. d4 cxd4 4. Nxd4 Nf6 5. Nc3 g6 6. Be3 Bg7 7. Bc4 O-O 8.
Bb3 a5 9. O-O d6 10. h3 Nxd4 11. Bxd4 Bd7 12. a4 Bc6 13. f4 Nd7 14. Bxg7 Kxg7
15. Qd4+ f6 16. Rad1 Qb6 17. Rfe1 Qxd4+ 18. Rxd4 Nc5 19. e5 dxe5 20. fxe5 Nxb3
21. cxb3 Rad8 22. exf6+ exf6 23. Red1 Rxd4 24. Rxd4 Rf7 25. Kf2 f5 26. g3 Rd7
27. Rxd7+ Bxd7 28. Ke3 Be6 29. Kd4 Bxb3 30. Kc5 g5 31. Kb6 f4 32. gxf4 gxf4 33.
Kxa5 f3 34. Ne4 Bd5 35. Nf2 Kf6 36. Kb4 Ke5 37. Kc3 Kf4 38. Kd2 Kg3 39. Ke3 Bc6
40. a5 Bd5 41. b4 Bc6 42. Nd3 Bb5 43. Nf2 Be2 44. Ne4+ Kg2 45. h4 Bb5 46. Nf2
Bc6 47. Nd3 Kg3 48. Nf2 h6 49. Nd3 Kxh4 50. Kf2 Kg5 51. Ne5 Bd5 52. Nxf3+ Kf4
53. Nd2 h5 54. b5 h4 55. a6 bxa6 56. bxa6 1/2-1/2

[Event "6.Torneo de Promoción Almansa 2011"]
[Site "Almansa ESP"]
[Date "2011.08.12"]
[Round "7.15"]
[White "Diez Fraile, David"]
[Black "Ontanon Gomez, Pablo"]
[Result "1/2-1/2"]
[WhiteElo "2196"]
[BlackElo "2104"]
[PlyCount "54"]
[EventDate "2011.08.09"]
[EventType "swiss"]
[EventRounds "9"]
[EventCountry "ESP"]
[Source "lmi"]
[SourceDate "2011.08.09"]

1. e4 c5 2. Nf3 Nc6 3. d4 cxd4 4. Nxd4 g6 5. Nc3 Bg7 6. Be3 Nf6 7. Be2 O-O 8.
Nb3 d6 9. f4 a5 10. a4 Be6 11. O-O Nd7 12. Nd4 Nxd4 13. Bxd4 Bxd4+ 14. Qxd4 Qb6
15. Nb5 Rac8 16. Bd3 Bc4 17. Qxb6 Nxb6 18. Nd4 Rfd8 19. Rf2 Nd7 20. g3 Bxd3 21.
cxd3 Nc5 22. Ra3 Nd7 23. Rb3 Rc1+ 24. Rf1 Rxf1+ 25. Kxf1 Nc5 26. Rb5 Rd7 27.
Ke2 Nxa4 1/2-1/2

[Event "6.Torneo de Promoción Almansa 2011"]
[Site "Almansa ESP"]
[Date "2011.08.13"]
[Round "8.1"]
[White "Aranda Marin, Cristian"]
[Black "Cruz Lledo, Pablo"]
[Result "0-1"]
[WhiteElo "2310"]
[BlackElo "2269"]
[PlyCount "78"]
[EventDate "2011.08.09"]
[EventType "swiss"]
[EventRounds "9"]
[EventCountry "ESP"]
[Source "lmi"]
[SourceDate "2011.08.09"]

1. d4 d5 2. Bg5 c6 3. e3 Qb6 4. Qc1 Bf5 5. Nf3 h6 6. Bh4 e6 7. Be2 Nd7 8. O-O
Ngf6 9. c4 dxc4 10. Nbd2 Bd3 11. Nxc4 Bxc4 12. Qxc4 Be7 13. Bd3 c5 14. Bxf6
Bxf6 15. Qa4 Ke7 16. Bb5 Rhd8 17. Bxd7 Rxd7 18. Qa3 Ke8 19. Qa4 cxd4 20. exd4
Rad8 21. d5 exd5 22. Qa3 Re7 23. Rae1 Rdd7 24. Qd3 g6 25. Rxe7+ Rxe7 26. Qxd5
Qxb2 27. Qd6 Be5 28. Qc5 Qb6 29. Qc1 Bg7 30. Rd1 Kf8 31. Qa3 Bf6 32. h4 Kg7 33.
Rd6 Qb1+ 34. Kh2 Qf5 35. g3 g5 36. hxg5 hxg5 37. Rxf6 Qxf6 38. Kg2 g4 39. Nh4
Re2 0-1

[Event "6.Torneo de Promoción Almansa 2011"]
[Site "Almansa ESP"]
[Date "2011.08.13"]
[Round "8.2"]
[White "Chueca Forcen, Alberto"]
[Black "Carrascoso Morales, Abel"]
[Result "1/2-1/2"]
[WhiteElo "2323"]
[BlackElo "2263"]
[PlyCount "128"]
[EventDate "2011.08.09"]
[EventType "swiss"]
[EventRounds "9"]
[EventCountry "ESP"]
[Source "lmi"]
[SourceDate "2011.08.09"]

1. d4 d6 2. Nf3 Bg4 3. g3 Bxf3 4. exf3 Nf6 5. Bg2 e6 6. f4 c6 7. O-O Be7 8. c4
O-O 9. b3 d5 10. Qd3 Na6 11. Nd2 Nb4 12. Qc3 c5 13. dxc5 Bxc5 14. Bb2 Rc8 15.
Qf3 b5 16. cxb5 Be7 17. Rfc1 Nc2 18. Rab1 Qa5 19. Qd1 Na3 20. Rxc8 Rxc8 21. Rc1
Rxc1 22. Qxc1 h6 23. Bf1 Nxb5 24. a4 Nd6 25. Bd3 Qb6 26. Qc3 Bf8 27. b4 Nb7 28.
b5 Bc5 29. Kg2 Bf8 30. Nb3 Ne4 31. Bxe4 dxe4 32. Qe5 Nd6 33. Bd4 Qb7 34. Nc5
Qc8 35. Na6 Qc4 36. Bxa7 Qxa4 37. Bc5 Qxb5 38. Bxd6 Qxa6 39. Bxf8 Kxf8 40. Qxe4
Kg8 41. f5 exf5 42. Qxf5 Qc6+ 43. Qf3 Qe6 44. h4 g6 45. h5 Kg7 46. hxg6 fxg6
47. Qc3+ Kg8 48. Qf3 Kg7 49. Qb7+ Kg8 50. Qb8+ Kg7 51. Qf4 h5 52. Qd4+ Kh7 53.
Qc3 Qd5+ 54. f3 Qa2+ 55. Kh3 Qe6+ 56. g4 hxg4+ 57. fxg4 Qd7 58. Qe3 Kg7 59.
Qe5+ Kh7 60. Qe4 Qc7 61. g5 Qd7+ 62. Kg3 Qc7+ 63. Kg2 Qc5 64. Qf4 Qd5+ 1/2-1/2

[Event "6.Torneo de Promoción Almansa 2011"]
[Site "Almansa ESP"]
[Date "2011.08.13"]
[Round "8.3"]
[White "Alcazar Jimenez, Jesus"]
[Black "Romero Berruezo, Francisco"]
[Result "1/2-1/2"]
[WhiteElo "2257"]
[BlackElo "2161"]
[PlyCount "72"]
[EventDate "2011.08.09"]
[EventType "swiss"]
[EventRounds "9"]
[EventCountry "ESP"]
[Source "lmi"]
[SourceDate "2011.08.09"]

1. Nf3 c5 2. c4 Nc6 3. Nc3 g6 4. e3 Bg7 5. d4 cxd4 6. exd4 d6 7. Be2 Bg4 8. h3
Bd7 9. Be3 Nf6 10. Qd2 O-O 11. d5 Nb8 12. Nd4 Na6 13. Bh6 Nc5 14. f3 e5 15.
dxe6 Nxe6 16. Nxe6 Bxe6 17. Bxg7 Kxg7 18. O-O-O Rc8 19. Qf4 Nh5 20. Qd4+ Qf6
21. Rhe1 Rfd8 22. Kb1 Ng3 23. b3 Qxd4 24. Rxd4 d5 25. Nxd5 Bxd5 26. cxd5 Re8
27. Rd2 Rcd8 28. Kc2 Re3 29. d6 Kf6 30. Kd1 Nf5 31. g4 Nxd6 32. Kc2 Rc8+ 33.
Kb1 Re6 34. Red1 Ke7 35. Bf1 g5 36. Bd3 Rd8 1/2-1/2

[Event "6.Torneo de Promoción Almansa 2011"]
[Site "Almansa ESP"]
[Date "2011.08.13"]
[Round "8.4"]
[White "Navarro Ortiz De Ortuno, Borja"]
[Black "Pena Riasco, Alexander"]
[Result "1-0"]
[WhiteElo "2216"]
[BlackElo "2193"]
[PlyCount "67"]
[EventDate "2011.08.09"]
[EventType "swiss"]
[EventRounds "9"]
[EventCountry "ESP"]
[Source "lmi"]
[SourceDate "2011.08.09"]

1. d4 d5 2. c4 c6 3. e3 Nf6 4. Nc3 e6 5. Nf3 Nbd7 6. Qc2 Bd6 7. Bd3 O-O 8. O-O
h6 9. b3 dxc4 10. bxc4 e5 11. Rb1 Re8 12. Bf5 Qe7 13. Bh3 e4 14. Nh4 g6 15. f4
Nf8 16. Bxc8 Raxc8 17. g3 N8h7 18. c5 Bb8 19. Qb3 Nf8 20. Qxb7 N8d7 21. Qb3 Kh7
22. Bd2 Bc7 23. Qa4 Bb8 24. Rb7 Kg7 25. Rfb1 Qd8 26. Qc4 Re7 27. Qe2 Rc7 28.
Rxc7 Bxc7 29. Qa6 Nxc5 30. Qxc6 Bb6 31. dxc5 Qxd2 32. cxb6 Qxe3+ 33. Kh1 axb6
34. Qxf6+ 1-0

[Event "6.Torneo de Promoción Almansa 2011"]
[Site "Almansa ESP"]
[Date "2011.08.13"]
[Round "8.5"]
[White "Martin Hernandez, Ruben"]
[Black "Valmana Canto, Jaime"]
[Result "1/2-1/2"]
[WhiteElo "2128"]
[BlackElo "2338"]
[PlyCount "91"]
[EventDate "2011.08.09"]
[EventType "swiss"]
[EventRounds "9"]
[EventCountry "ESP"]
[Source "lmi"]
[SourceDate "2011.08.09"]

1. c4 e5 2. Nc3 Nc6 3. g3 Nf6 4. Bg2 Bc5 5. Nf3 d6 6. d3 h6 7. O-O a6 8. a3 O-O
9. b4 Ba7 10. Bd2 Ne7 11. Rc1 Ng6 12. e3 c6 13. Ne4 Ne8 14. Bc3 Bg4 15. Qb3 Qd7
16. Ned2 Nc7 17. d4 exd4 18. Bxd4 Bxd4 19. Nxd4 d5 20. cxd5 Nxd5 21. Ne4 Bh3
22. Nc5 Qc8 23. Qb1 Bxg2 24. Kxg2 Re8 25. Qf5 Qb8 26. Kh1 Re5 27. Qf3 Qc7 28.
Nd3 Re7 29. Nf5 Rd7 30. Nc5 Rdd8 31. Rfd1 Qb6 32. e4 Nc7 33. Nd6 Rxd6 34. Rxd6
a5 35. Rcd1 Ne8 36. Rd7 Ne5 37. Qb3 axb4 38. axb4 Nxd7 39. Rxd7 Qb5 40. Kg2 Kh7
41. Rxb7 Qe2 42. Qxf7 Ra1 43. Qf5+ Kh8 44. Qf8+ Kh7 45. Qf5+ Kh8 46. Qf8+
1/2-1/2

[Event "6.Torneo de Promoción Almansa 2011"]
[Site "Almansa ESP"]
[Date "2011.08.13"]
[Round "8.6"]
[White "Castella Garcia, Fausto"]
[Black "Alcaraz Ortega, Javier"]
[Result "0-1"]
[WhiteElo "2326"]
[BlackElo "2248"]
[PlyCount "112"]
[EventDate "2011.08.09"]
[EventType "swiss"]
[EventRounds "9"]
[EventCountry "ESP"]
[Source "lmi"]
[SourceDate "2011.08.09"]

1. e4 d5 2. exd5 Qxd5 3. Nc3 Qa5 4. d4 Nf6 5. Bc4 Bg4 6. f3 Bd7 7. Nge2 e6 8.
Be3 Be7 9. Qd2 O-O 10. O-O Qb6 11. Nf4 Rd8 12. Nd3 Qd6 13. Ne4 Nxe4 14. fxe4
Be8 15. c3 Nd7 16. e5 Qc6 17. Bb3 Qa6 18. Bc2 c5 19. Bg5 Bxg5 20. Qxg5 cxd4 21.
Qh4 Nf8 22. cxd4 Qc4 23. Rf2 Qxd4 24. Qg3 Rac8 25. Rc1 Rxc2 26. Rcxc2 Qxd3 27.
Rc7 Bb5 28. Rcxf7 Ng6 29. Qxd3 Rxd3 30. h4 Rd7 31. R7f3 Bc6 32. Ra3 a6 33. h5
Nxe5 34. Re2 Ng4 35. Re1 Kf7 36. Rf1+ Ke7 37. Rg3 Rd4 38. b3 e5 39. a4 Bd7 40.
Rc1 Kd6 41. Kf1 g6 42. hxg6 hxg6 43. Ke2 Bf5 44. Rh1 e4 45. Rc3 Rd3 46. Rxd3+
exd3+ 47. Kd2 Nf6 48. Rh8 Kc5 49. Rf8 Nd5 50. g4 Bxg4 51. Kxd3 Bf5+ 52. Kd2 Kb4
53. Rd8 Nc3 54. Re8 Ne4+ 55. Ke3 Kxb3 56. a5 Nd6 0-1

[Event "6.Torneo de Promoción Almansa 2011"]
[Site "Almansa ESP"]
[Date "2011.08.13"]
[Round "8.7"]
[White "Kovacevic, Slobodan"]
[Black "Jordan Martinez, Miguel"]
[Result "1-0"]
[WhiteElo "2325"]
[BlackElo "2189"]
[PlyCount "136"]
[EventDate "2011.08.09"]
[EventType "swiss"]
[EventRounds "9"]
[EventCountry "ESP"]
[Source "lmi"]
[SourceDate "2011.08.09"]

1. d4 Nf6 2. Nf3 g6 3. Bg5 Bg7 4. Nbd2 O-O 5. c3 d6 6. e4 c5 7. dxc5 dxc5 8.
Qc2 Nc6 9. Be2 Qc7 10. O-O b6 11. Rfe1 h6 12. Bh4 Nh5 13. a4 g5 14. Bg3 Nxg3
15. hxg3 Bb7 16. Nc4 Rad8 17. Nfd2 Rd7 18. Na3 a6 19. Ndc4 Re8 20. Qb3 Rb8 21.
Qxb6 Ne5 22. Qxc7 Rxc7 23. Nxe5 Bxe5 24. Nc4 Bg7 25. Bg4 a5 26. Ra2 Ba6 27. Be2
Bxc4 28. Bxc4 Rd7 29. g4 Rd2 30. Re2 Rxe2 31. Bxe2 Rd8 32. g3 e6 33. Kg2 Kf8
34. Kf3 Ke7 35. Ke3 Rd7 36. Ra3 Rb7 37. Bb5 f5 38. gxf5 exf5 39. exf5 h5 40.
Ra1 Kf6 41. Rh1 Kxf5 42. Rxh5 Re7+ 43. Kf3 Re1 44. Bd3+ Kf6 45. Kg4 Ra1 46.
Rxg5 Rxa4+ 47. c4 Bf8 48. f4 Be7 49. Rg6+ Kf7 50. Ra6 Bd8 51. Rc6 Rb4 52. Rxc5
Rxb2 53. Rc8 Ke7 54. Ra8 Rb3 55. Be4 Rc3 56. Bd5 Bb6 57. Ra6 Bc7 58. Ra7 Kd8
59. Be6 Bb6 60. Rd7+ Ke8 61. Rd2 a4 62. Bd7+ Ke7 63. Bxa4 Rxc4 64. Re2+ Kf6 65.
Bb3 Rc6 66. Bd5 Rd6 67. Be4 Rd1 68. Rh2 Ke7 1-0

[Event "6.Torneo de Promoción Almansa 2011"]
[Site "Almansa ESP"]
[Date "2011.08.13"]
[Round "8.8"]
[White "Barranco Cara, Francisco Javier"]
[Black "Serna Lara, Sergio"]
[Result "1/2-1/2"]
[WhiteElo "2120"]
[BlackElo "2253"]
[PlyCount "42"]
[EventDate "2011.08.09"]
[EventType "swiss"]
[EventRounds "9"]
[EventCountry "ESP"]
[Source "lmi"]
[SourceDate "2011.08.09"]

1. d4 d6 2. Nf3 Nf6 3. c4 g6 4. Nc3 Bg7 5. e4 O-O 6. Be2 Na6 7. O-O e5 8. Re1
c6 9. Be3 exd4 10. Nxd4 Re8 11. f3 d5 12. cxd5 Nxd5 13. Nxd5 cxd5 14. Bxa6 bxa6
15. Nc6 Qc7 16. exd5 Rxe3 17. Rxe3 Qb6 18. Qe2 Bh6 19. Re1 Bb7 20. Kh1 Bxc6 21.
dxc6 Bxe3 1/2-1/2

[Event "6.Torneo de Promoción Almansa 2011"]
[Site "Almansa ESP"]
[Date "2011.08.13"]
[Round "8.9"]
[White "Sanchez Jerez, Emilio Miguel"]
[Black "Del Valle Millan, David"]
[Result "1-0"]
[WhiteElo "2276"]
[BlackElo "2015"]
[PlyCount "49"]
[EventDate "2011.08.09"]
[EventType "swiss"]
[EventRounds "9"]
[EventCountry "ESP"]
[Source "lmi"]
[SourceDate "2011.08.09"]

1. g3 d5 2. Bg2 e5 3. c4 c6 4. cxd5 cxd5 5. d4 e4 6. Nc3 Nc6 7. Nh3 Bb4 8. O-O
Nge7 9. Nf4 O-O 10. f3 f5 11. fxe4 dxe4 12. e3 Kh8 13. d5 Na5 14. a3 Bd6 15. g4
Qb6 16. Kh1 Nc4 17. Qe2 Qc5 18. b4 Qc7 19. Nb5 Qd8 20. Qxc4 Bxf4 21. exf4 Nxd5
22. Bb2 a6 23. Qd4 Qf6 24. Qxf6 gxf6 25. Nd6 1-0

[Event "6.Torneo de Promoción Almansa 2011"]
[Site "Almansa ESP"]
[Date "2011.08.13"]
[Round "8.10"]
[White "Berrocal, Jorge"]
[Black "Martinez Piqueras, Carlos"]
[Result "0-1"]
[WhiteElo "2261"]
[BlackElo "2158"]
[PlyCount "54"]
[EventDate "2011.08.09"]
[EventType "swiss"]
[EventRounds "9"]
[EventCountry "ESP"]
[Source "lmi"]
[SourceDate "2011.08.09"]

1. e4 c5 2. Nc3 Nc6 3. Nf3 Nf6 4. d4 cxd4 5. Nxd4 e5 6. Ndb5 d6 7. Bg5 a6 8.
Na3 b5 9. Nd5 Be7 10. Bxf6 Bxf6 11. c3 O-O 12. Nc2 Bg5 13. h4 Bh6 14. g3 Ne7
15. Ncb4 Be6 16. Bh3 a5 17. Nxe7+ Qxe7 18. Nd5 Qb7 19. Qd3 Bxd5 20. exd5 e4 21.
Qd4 Rfe8 22. O-O Re5 23. Rfe1 Rae8 24. Bg2 f5 25. Rad1 g6 26. b3 Qe7 27. Bf1 e3
0-1

[Event "6.Torneo de Promoción Almansa 2011"]
[Site "Almansa ESP"]
[Date "2011.08.13"]
[Round "8.11"]
[White "Jimenez De La Torre, Jose A"]
[Black "Sabater Sanchez, Asensio"]
[Result "1/2-1/2"]
[WhiteElo "2138"]
[BlackElo "2208"]
[PlyCount "168"]
[EventDate "2011.08.09"]
[EventType "swiss"]
[EventRounds "9"]
[EventCountry "ESP"]
[Source "lmi"]
[SourceDate "2011.08.09"]

1. e4 e5 2. Nf3 Nc6 3. d4 exd4 4. Nxd4 Bc5 5. Nxc6 bxc6 6. Bc4 Qf6 7. O-O Ne7
8. Nc3 O-O 9. Kh1 Ng6 10. f4 d6 11. Qe2 a5 12. e5 Qf5 13. Ne4 d5 14. Nxc5 dxc4
15. Qxc4 Be6 16. Nxe6 Qxe6 17. Qxe6 fxe6 18. Be3 Rfd8 19. Rad1 Ne7 20. c4 Nf5
21. Bc5 h5 22. Kg1 a4 23. Kf2 Kf7 24. Ke2 Ke8 25. Rxd8+ Rxd8 26. Rd1 Rb8 27.
Rd2 g6 28. g3 Ra8 29. Kd1 Ra5 30. Bf2 c5 31. Rd3 Ne7 32. Be1 Ra8 33. Kc1 Nc8
34. Bf2 Ra5 35. Ra3 Nb6 36. b3 Kd7 37. Kb2 Kc6 38. Kc3 Ra8 39. b4 Nd7 40. b5+
Kb7 41. Kc2 Kc8 42. Rf3 Kd8 43. Rd3 Ke7 44. h3 Rf8 45. Be3 Ra8 46. Kb2 Ke8 47.
Kc3 Ke7 48. Kd2 Rh8 49. Ke2 Rg8 50. Ra3 Ra8 51. g4 hxg4 52. hxg4 Kf7 53. Rd3
Ke7 54. Ra3 Kf7 55. Bf2 g5 56. Rh3 Kg6 57. Rd3 Nb6 58. Bxc5 Nxc4 59. Rc3 Nb6
60. Bxb6 cxb6 61. Rc6 gxf4 62. Kf3 Kg5 63. Rxe6 Rh8 64. Rxb6 Rh3+ 65. Ke4 Re3+
66. Kd4 Kxg4 67. Rg6+ Kf5 68. Rf6+ Kg4 69. Ra6 Re1 70. b6 f3 71. b7 Rb1 72.
Rg6+ Kf5 73. Rf6+ Kg4 74. Ke3 Rxb7 75. Rf4+ Kg5 76. Kxf3 Rb5 77. e6 Rb7 78.
Rxa4 Re7 79. Re4 Kf6 80. a4 Rxe6 81. a5 Ra6 82. Ra4 Ke5 83. Rh4 Kd5 84. Rh5+
Kc4 1/2-1/2